| 000 | 00945nam a2200289 i 4500 | ||
|---|---|---|---|
| 001 | 6400 | ||
| 003 | ES-MaACL | ||
| 005 | 20240224063053.0 | ||
| 007 | t| | ||
| 008 | 891010s1988 fr ||||1| fre d | ||
| 020 | _a2-221-04588-2 | ||
| 080 | _a323.272(44)"1789/1799" | ||
| 080 | _a9(44)"1789/1799"(03) | ||
| 100 |
_aTulard, Jean, _9235258 _d1933- |
||
| 245 | 1 | 0 |
_aHistoire et dictionnaire de la Revolution francaise _b: 1789-1799 / _cpar Jean Tulard, Jean-Francois Fayard, Alfred Fierro. |
| 250 | _a1e ed., 2e reimp. | ||
| 260 |
_aParis : _bRobert Laffont, _c1988. |
||
| 300 |
_a1213 p. ; _c20 cm. |
||
| 490 | 1 | _aBouquins | |
| 651 | 4 |
_aFrancia- _xHistoria- _y1789-1799, Revolución- _vDiccionarios. _98689 |
|
| 700 | 1 |
_aFayard, Jean-Francois. _949020 |
|
| 700 | 1 |
_aFierro, Alfred. _950709 |
|
| 830 | 0 |
_aBouquins _9184870 |
|
| 852 |
_aES-MaACL _jL-13530 _bR.117181 _z. - rust. |
||
| 942 | _2udc | ||
| 999 |
_c6400 _d6400 |
||